Теория и практика повышения эффективности шлифования материалов: учебное пособие

Bibliographic Details
Main Author: Зубарев Ю. М. Юрий Михайлович
Other Authors: Приемышев А. В. Александр Владимирович
Summary:В книге излагаются основные сведения о состоянии и развитии технологии высокоэффективного шлифования различных материалов (сталей, сплавов, сверхтвердых материалов и др.). Обосновываются технологические преимущества увеличения скорости резания. Приводятся данные о кинематике и динамике процесса, особенности стружкообразования и геометрии срезаемого слоя материала, износе и стойкости шлифовальных кругов, оценке их работоспособности, качестве металла поверхностного слоя. Даны технологические характеристики рассматриваемых методов обработки, их возможности и область применения. Предназначена для научных и инженерно-технических работников машиностроительных специальностей, а также в качестве учебного пособия для студентов и аспирантов технических вузов.
Language:Russian
Published: СПб., Лань, 2010
Series:Учебники для вузов. Специальная литература
Subjects:
Format: Book
KOHA link:https://koha.lib.tpu.ru/cgi-bin/koha/opac-detail.pl?biblionumber=178804

MARC

LEADER 00000nam0a2200000 4500
001 178804
005 20231101223429.0
010 |a 9785811409730 
035 |a (RuTPU)RU\TPU\book\193819 
090 |a 178804 
100 |a 20100409d2010 m y0rusy50 ca 
101 0 |a rus 
102 |a RU 
105 |a a j 001zy 
200 1 |a Теория и практика повышения эффективности шлифования материалов  |e учебное пособие  |f Ю. М. Зубарев, А. В. Приемышев 
210 |a СПб.  |c Лань  |d 2010 
215 |a 304 с.  |c ил. 
225 1 |a Учебники для вузов. Специальная литература 
320 |a Библиогр.: с. 294-301. 
330 |a В книге излагаются основные сведения о состоянии и развитии технологии высокоэффективного шлифования различных материалов (сталей, сплавов, сверхтвердых материалов и др.). Обосновываются технологические преимущества увеличения скорости резания. Приводятся данные о кинематике и динамике процесса, особенности стружкообразования и геометрии срезаемого слоя материала, износе и стойкости шлифовальных кругов, оценке их работоспособности, качестве металла поверхностного слоя. Даны технологические характеристики рассматриваемых методов обработки, их возможности и область применения. Предназначена для научных и инженерно-технических работников машиностроительных специальностей, а также в качестве учебного пособия для студентов и аспирантов технических вузов. 
606 1 |a Шлифование металлов  |x Производительность  |2 stltpush  |3 (RuTPU)RU\TPU\subj\19338  |9 44594 
610 1 |a материаловедение 
610 1 |a машиностроение 
610 1 |a механическая обработка 
610 1 |a резание 
610 1 |a математические модели 
610 1 |a технологическое обеспечение 
610 1 |a труднообрабатываемые материалы 
610 1 |a шлифовальные инструменты 
610 1 |a технологии 
610 1 |a учебные пособия 
675 |a 621.923.014(075.8)  |v 3 
700 1 |a Зубарев  |b Ю. М.  |g Юрий Михайлович 
701 1 |a Приемышев  |b А. В.  |g Александр Владимирович 
801 1 |a RU  |b 63413507  |c 20100409 
801 2 |a RU  |b 63413507  |c 20150708  |g RCR 
942 |c BK 
959 |a 23/20100408  |d 5  |e 460,02  |f АНЛ:1  |f УФ:3  |f ЧЗТЛ:1